000 00314nam a2200133Ia 4500
005 20260326100030.0
008 260326s9999||||xx |||||||||||||| ||und||
100 _aThiry, Paul
245 0 _aChurches & Temples /
_cPaul Thiry
260 _bReinhold
300 _a270 p.
650 _aARQUITECTURA CIVIL
942 _cBK
999 _c6582
_d6582